The 1 - Taylor Swift Lyrics - Statistics

General Stats
  • This quiz has been taken 4 times
  • The average score is 304 of 306
Answer Stats
Answer % Correct
adventures
100%
all
100%
alone
100%
alright
100%
and
100%
another
100%
are
100%
ask
100%
at
100%
baby
100%
be
100%
been
100%
bleed
100%
bus
100%
but
100%
by
100%
came
100%
chosen
100%
cool
100%
could've
100%
count
100%
day
100%
defense
100%
didn't
100%
different
100%
digging
100%
doing
100%
don't
100%
dream
100%
each
100%
enough
100%
everything
100%
family
100%
films
100%
flowing
100%
for
100%
fun
100%
gonna
100%
good
100%
grave
100%
greatest
100%
ground
100%
grow
100%
guess
100%
had
100%
have
100%
having
100%
her
100%
hit
100%
home
100%
I
100%
if
100%
I'm
100%
i'm
100%
in
100%
instead
100%
internet
100%
it
100%
it's
100%
know
100%
leaving
100%
loves
100%
made
100%
making
100%
matinee
100%
me
100%
meet
100%
my
100%
never
100%
new
100%
night
100%
no
100%
none
100%
now
100%
numbers
100%
of
100%
on
100%
one
100%
over
100%
own
100%
painted
100%
pennies
100%
persist
100%
pool
100%
really
100%
resist
100%
roaring
100%
rose
100%
running
100%
saw
100%
saying
100%
shit
100%
should've
100%
showed
100%
so
100%
some
100%
something
100%
stop
100%
sunday
100%
sweet
100%
take
100%
temptation
100%
the
100%
thing
100%
think
100%
this
100%
though
100%
time
100%
to
100%
today
100%
tossing
100%
true
100%
twenties
100%
up
100%
waking
100%
wanted
100%
we
100%
well
100%
were
100%
wishes
100%
with
100%
woman
100%
would
100%
would've
100%
yes
100%
you
100%
your
100%
you're
100%
(ooh)
50%
beem
0%
No matching quizzes found
Score Distribution
Percent of People with Each Score
Percentile by Number Answered
Your Score History
You have not taken this quiz